00663cam a2200217 a 4500001000800000005001700008008004100025020001700066040001800083082002000101245007200121260003400193300001700227650001600244650002000260650002900280700002500309942000600334952009200340999001300432248805520240208050946.0910812s1992 nyu b 000 0 eng  a0415904323 : aDLCcDLCdDLC00a306.7220bNAT.00aNationalisms & sexualities /cedited by Andrew Parker ... [et al.]. aNew York :bRoutledge,c1992. axi, 451 p. ; 0aSex customs 0aSex differences 0aNational characteristics1 aParker, Andrew,eedt cL 001040708LaWERCLbWERCLd2024-02-08l0o306.7 NAT.p3863r2024-02-08w2024-02-08yL c342d342